Datum a čas kvízu
31
Celkem bodů
Celkový počet nahraných bodů na tomto kvízu bez doplňovacích otázek.
7.
Pořadí na kvízu
Konečné umístění týmu na tomto kvízu.
Zaznamenané odpovědi
| # | Otázka | Odpověď | Body | Výsledky |
|---|---|---|---|---|
| 1. | Zubní lékařka Mariam Szyja z K... | prodávala na netu své erotické fotografie | 1 | |
| 2. | Hongkongské ministerstvo škols... | C) badmintonu | 0 | |
| 3. | Která zahraniční kapela minulý... | Oasis | 1 | |
| 4. | 62letý muž čelí trestnímu ozná... | A) ve vlaku nefungovaly toalety | 0 | |
| 5. | Ve Formuli 1 došlo minulý týde... | Williams | 0 | |
| 6. | Téma začneme stavbou, které mn... | v roce 1985 | 0 | |
| 7. | Žebříčků hodnotících nejoškliv... | v Severní Koreji (KLDR) | 1 | |
| 8. | Nyní se ptáme na evropského vů... | Nicolae Ceaușescu, Rumunsko | 0 | |
| 9. | I Slovensko má svého zástupce... | Martina Šimkovičová | 0 | |
| 10. | V této londýnské budově sídlí... | SIS | 0 |